000 00375nam a2200133Ia 4500
005 20260328104308.0
008 260328s9999||||xx |||||||||||||| ||und||
100 _aSaldarriaga Roa, Alberto
245 0 _aPensar en la Arquitectura /
_cAlberto Saldarriaga Roa
260 _bUniversidad de Bogotá Jorge Tadeo Lozano
300 _a205 p.
650 _aHISTORIA
942 _cBK
999 _c10854
_d10854